| 000 | 00502nam a2200169 i 4500 | ||
|---|---|---|---|
| 001 | 61968 | ||
| 003 | ES-MaACL | ||
| 005 | 20230906164600.0 | ||
| 007 | t| | ||
| 008 | 031117s1909 sp ||||1| spa d | ||
| 100 | 1 |
_aFalgueras y Ozaeta, Ignacio. _948743 |
|
| 245 | 1 | 0 |
_aEstudios sobre sociología y derecho de Marruecos / _cIgnacio Falgueras y Ozaeta. |
| 260 |
_aMadrid : _bRevista de Legislación, _c1909. |
||
| 300 |
_a400 p. ; _c23 cm. |
||
| 852 |
_aES-MaACL _jC-1178 |
||
| 852 |
_aES-MaACL _jG-14436 |
||
| 999 |
_c61968 _d61968 |
||